| 000 | | | 03804cbm0a2200265#x 450 |
| 001 | | | 6bffbc84-14ca-4dec-82ef-ca5f6114afe6 |
| 005 | | | 20210616153923.0 |
| 100 | ## | $a | 20210616j19400205k###0rusy50 ca |
| 101 | 0# | $a | rus |
| 102 | ## | $a | RU |
| 105 | ## | $a | y###z######z# |
| 122 | 0# | $a | d19400205## |
| 200 | 1# | $a | Шифртелеграмма заместителя наркома иностранных дел СССР В. Г. Деканозова полпредам СССР в США, Великобритании, Франции, Италии и Японии о необходимости сбора и обобщения информации по Балканам |
| | $j | 5 февраля 1940 г. |
| 251 | ## | $c | Документ |
| 300 | ## | $a | Подлинник |
| 461 | #0 | $1 | 2001 |
| | $a | Ф. 059 |
| | $1 | 251 |
| | $c | Фонд |
| | $1 | 852 |
| | $j | 059 |
| 462 | #0 | $1 | 2001 |
| | $a | Оп. 1. П. 339 |
| | $1 | 251 |
| | $c | Опись |
| | $1 | 852 |
| | $j | 1. П. 339 |
| 462 | #0 | $1 | 2001 |
| | $a | Д. 2319 |
| | $v | Л. 29 |
| | $1 | 251 |
| | $c | Дело |
| | $1 | 852 |
| | $j | 2319 |
| 605 | ## | $2 | prlib_sh |
| | $3 | LIBNET\UAF\0000088514 |
| | $a | Вторая мировая война в архивных документах (Комплекс оцифрованных архивных документов, кино- и фотоматериалов) |
| | $l | коллекция |
| 686 | ## | $a | 63.3(2)621ю11 |
| | $v | LBC/M |
| | $2 | rubbk |
| 801 | #0 | $a | RU |
| | $b | ПБ им. Б.Н. Ельцина |
| | $c | 20210616 |
| 801 | #1 | $a | RU |
| | $b | ПБ им. Б.Н. Ельцина |
| | $c | 20210616 |
| | $2 | rusmarc |
| 801 | #2 | $a | RU |
| | $b | ПБ им. Б.Н. Ельцина |
| | $c | 20210616 |
| | $2 | rusmarc |
| 850 | ## | $a | Архив внешней политики Российской Федерации |
| 852 | ## | $a | АВП РФ |
| | $j | Л. 29 |
| 035 | ## | $a | LIBNET\0001161952 |
| 937 | ## | $d | 165222469 |
| | $h | Федеральное архивное агентство |
| 856 | 4# | $u | http://readingroom.main.prlib.ru/item.aspx?id_node=n165222469&mode=full |